000 00607nam a22002057a 4500
005 20180105155547.0
010 _aENG-121797
020 _a9788189941277
_c220.00
035 _aEN-105329
037 _bDBAD/PUB
082 _a572.80285
100 _aSundaralingam.R
245 _aBioinformatics /
_cby Sundaralingam.R
260 _aTamilnadu
_bSaras publication
_c2010
270 _a114/35G,A.R.P.camp road,Periavilai, Nagercoil
_bTamilnadu
_e629002
300 _axi,704p.
_bill.
_c22cm(Pbk)
500 _aIncludes index
700 _aKumaresan.V
942 _2ddc
_cEN
_h572.80285
_mSUN
999 _c147911
_d147911